[Event "SUI-ch op"]
[Site "Leukerbad"]
[Date "2015.07.13"]
[Round "5"]
[White "Raetsky, Alexander"]
[Black "Graf, Silvio"]
[Result "1-0"]
[WhiteElo "2405"]
[BlackElo "1904"]
[PlyCount "71"]
[EventDate "2015.07.09"]
[EventType "swiss"]
[EventRounds "9"]
[EventCountry "SUI"]
[SourceTitle "EXT 2019"]
[Source "ChessBase"]
[SourceDate "2018.10.10"]
[SourceVersion "1"]
[SourceVersionDate "2018.10.10"]
[SourceQuality "1"]

1. d4 Nf6 2. c4 e5 3. dxe5 Ng4 4. Bf4 Nc6 5. Nf3 Bb4+ 6. Nbd2 Qe7 7. e3 Ngxe5 8. Nxe5 Nxe5 9. Be2 0-0 10. 0-0 Ng6 11. Bg3 Bd6 12. Bxd6 Qxd6 13. Qc2 Qe7 14. c5 d6 15. cxd6 Qxd6 16. Rac1 c6 17. Rfd1 Qe7 18. Qe4 Be6 19. Bc4 Rfe8 20. Bxe6 Qxe6 21. Qxe6 Rxe6 22. Nb3 Re7 23. Na5 Kf8 24. Rc3 Rc7 25. b4 Rac8 26. f4 Ke7 27. Kf2 b6 28. Nb3 Nf8 29. Nd4 g6 30. Rdc1 c5 31. Nb5 Rd7 32. bxc5 Rd2+ 33. Kf3 a6 34. cxb6 Rxc3 35. Nxc3 Rb2 36. a4 1-0

[Event "SUI-ch op"]
[Site "Leukerbad"]
[Date "2015.07.12"]
[Round "4"]
[White "Graf, Silvio"]
[Black "Haussernot, Cecile"]
[Result "1-0"]
[WhiteElo "1904"]
[BlackElo "2004"]
[PlyCount "71"]
[EventDate "2015.07.09"]
[EventType "swiss"]
[EventRounds "9"]
[EventCountry "SUI"]
[SourceTitle "EXT 2019"]
[Source "ChessBase"]
[SourceDate "2018.10.10"]
[SourceVersion "1"]
[SourceVersionDate "2018.10.10"]
[SourceQuality "1"]

1. e4 c5 2. Nf3 d6 3. d4 cxd4 4. Nxd4 Nf6 5. Nc3 a6 6. Be2 e5 7. Nb3 Be7 8. Be3 0-0 9. g4 Be6 10. g5 Ne8 11. h4 Nd7 12. Qd2 b5 13. f4 exf4 14. Bxf4 Ne5 15. 0-0-0 Qb6 16. h5 Rc8 17. Nd4 b4 18. Nd5 Bxd5 19. exd5 Nc7 20. Nf5 Bd8 21. Kb1 f6 22. Be3 Qa5 23. Nxd6 Rb8 24. Nc4 Nxc4 25. Bxc4 Nb5 26. Bxb5 Rxb5 27. g6 h6 28. Bxh6 gxh6 29. Qxh6 Rb7 30. Rhg1 Rg7 31. Qd2 Bb6 32. h6 Rc8 33. Rg2 Rgc7 34. Qd3 Rc3 35. Qf5 Re3 36. Qxf6 1-0

[Event "Lenk op 23rd"]
[Site "Lenk"]
[Date "2012.04.05"]
[Round "1"]
[White "Graf, Silvio"]
[Black "Curien, Nicolas"]
[Result "0-1"]
[WhiteElo "1861"]
[BlackElo "2209"]
[PlyCount "34"]
[EventDate "2012.04.05"]
[EventType "swiss"]
[EventRounds "7"]
[EventCountry "SUI"]
[SourceTitle "CBM 148 Extra"]
[Source "ChessBase"]
[SourceDate "2012.06.22"]
[SourceVersion "1"]
[SourceVersionDate "2012.06.22"]
[SourceQuality "1"]

1. e4 e6 2. b3 d5 3. Bb2 c5 4. exd5 exd5 5. d4 cxd4 6. Qxd4 Be6 7. Nf3 Nf6 8. Bb5+ Nbd7 9. 0-0 Be7 10. Nc3 0-0 11. Ng5 Nc5 12. Rfe1 a6 13. Bf1 h6 14. Nxe6 Nxe6 15. Qd2 Bb4 16. a3 Ne4 17. Qd3 Nxf2 0-1